| 000 | 00889nam a22002177a 4500 | ||
|---|---|---|---|
| 999 |
_c43 _d43 |
||
| 003 | AR-CdUCM | ||
| 008 | 190221b ||||| |||| 00| 0 eng d | ||
| 040 |
_aMUNICIPALIDAD PROVINCIAL DEL CUSCO _cBIBLIOTECA MUNICIPAL DEL CUSCO |
||
| 082 |
_a985.7 / _bAL49 |
||
| 100 |
_aAlvarez Lobo, Jose _9211 |
||
| 245 |
_aCartas del Obispo Valdivieso : _bLa Defensa de los Pueblos de América 1544 - 1547 _cAlvarez Lobo, Jose |
||
| 260 |
_aCusco : _bCentro de estudios regionales andinos "Bartolome de las casas" , _c1992 |
||
| 300 |
_a230 paginas ; _c25cm |
||
| 505 | _aMonseñor Antonio Valdivieso -- La noticia -- Algunos informes de la Nicaragua de los años 1540 - 1550 -- Cartas de Fray Antonio de Valdivieso | ||
| 650 |
_aliteratura _9212 |
||
| 650 |
_acartas _9213 |
||
| 650 |
_aAcercamiento al pensamiento _9214 |
||
| 650 |
_aEscritos _9215 |
||
| 942 |
_2ddc _cLIBROS |
||
| 945 |
_apjha _d2019-02-21 |
||